[Event "Challenge"]
[Site "http://www.queenalice.com/game.php?id=484071"]
[Date "2008.10.28"]
[Round "-"]
[White "Mahalael"]
[Black "RAFAELI"]
[Result "0-1"]
[WhiteElo "1534"]
[BlackElo "1811"]

1. e4 e5 2. Nf3 Qf6 3. h4 Qc6 4. Nc3 Bb4 5. a3 Bxc3 6. dxc3 Qxe4+ 7. Qe2 Qxe2+
8. Bxe2 d6 9. Bc4 Bf5 10. Ng5 Nh6 11. Nf3 Bxc2 12. g4 Nxg4 13. Kd2 Be4 14. Rh3
Nxf2 15. Rg3 g6 16. Ke3 d5 17. Be2 Nh1 18. Rh3 Nc6 19. Rxh1 O-O 20. b3 f5 21.
Kf2 d4 22. cxd4 exd4 23. Bf4 d3 24. Bd1 Rac8 25. Bh6 Rfe8 26. b4 b5 27. Bb3+ Kh8
28. Rh2 Bxf3 29. Kxf3 Nd4+ 30. Kf4 Nxb3 31. Rd1 Re4+ 32. Kf3 Rd8 33. Rb2 Nd4+
34. Kf2 Rxh4 35. Be3 Rh2+ 36. Kg3 Rxb2 37. Bxd4+ Rxd4 38. Kf3 d2 39. Ke3 Rd7 40.
a4 bxa4 41. Kf4 Rd4+ 42. Ke5 Rbxb4 43. Kf6 Rb6+ 44. Kg5 Rg4+ 45. Kh6 Rb3 46. Rh1
d1=Q 47. Rxd1 Rh3# 0-1

[Event "Challenge"]
[Site "http://www.queenalice.com/game.php?id=484072"]
[Date "2008.10.28"]
[Round "-"]
[White "Mahalael"]
[Black "stoyan1"]
[Result "0-1"]
[WhiteElo "1540"]
[BlackElo "1796"]

1. e4 e5 2. Nf3 Nc6 3. Bc4 h6 4. Nh4 Qxh4 5. Qf3 Nf6 6. d3 Nd4 7. Qd1 Ng4 8. g3
Qh3 9. Nd2 Qg2 10. Rf1 Nxh2 11. c3 Ndf3+ 12. Nxf3 Qxf1+ 13. Kd2 Qxf2+ 14. Qe2
Nxf3+ 0-1

[Event "Challenge"]
[Site "http://www.queenalice.com/game.php?id=484074"]
[Date "2008.10.28"]
[Round "-"]
[White "Mahalael"]
[Black "ulisses34"]
[Result "1/2-1/2"]
[WhiteElo "1563"]
[BlackElo "1798"]

1. e4 e5 2. Nf3 d6 3. Bc4 a6 4. h4 Be7 5. d3 h6 6. g4 Bxg4 7. Nbd2 Bxh4 8. Nf1
Qf6 9. N1h2 Bh5 10. Qd2 Bxf3 11. Nxf3 Qxf3 12. Rxh4 g5 13. Rh2 Nc6 14. b4 Nce7
15. Bb3 Nf6 16. Ba4+ Kd8 17. b5 Ng4 18. Rh5 Nxf2 19. Rh2 Ng4 20. Rg2 Ng6 21. Qe2
Qxe2+ 22. Kxe2 Nf6 23. c4 Nh4 24. Rh2 Ng4 25. Rh1 f6 26. Rg1 h5 27. a3 Nh2 28.
Bd2 N2f3 29. Rh1 Nd4+ 30. Kd1 axb5 31. Bxb5 Nxb5 32. cxb5 Nf3 33. Bc1 g4 34. a4
Ke7 35. a5 g3 36. Be3 g2 37. Rh3 g1=Q+ 38. Bxg1 Nxg1 39. Rg3 Rag8 40. Rxg8 Rxg8
41. a6 bxa6 42. bxa6 Ra8 43. a7 Ke6 44. Ke1 Nf3+ 45. Kf2 Nd4 46. Kg3 Nb5 47. Kh4
Rxa7 48. Rf1 c6 49. Kxh5 Ra3 50. Rf3 Nd4 51. Rf2 Rxd3 52. Kg6 Rg3+ 53. Kh5 Rg5+
54. Kh4 Rg8 55. Kh5 f5 56. exf5+ Nxf5 57. Rf4 exf4 1/2-1/2

[Event "Challenge"]
[Site "http://www.queenalice.com/game.php?id=484077"]
[Date "2008.10.28"]
[Round "-"]
[White "Mahalael"]
[Black "Sigmund"]
[Result "0-1"]
[WhiteElo "1472"]
[BlackElo "1734"]

1. e4 e5 2. Nf3 Nc6 3. Bc4 Nf6 4. Ng5 d5 5. exd5 Nxd5 6. Qf3 Qxg5 7. Bxd5 Be6 8.
h4 Qf5 9. Na3 Qxf3 10. gxf3 Bxd5 11. O-O Bxf3 12. c3 Bd6 13. d3 O-O-O 14. b4
Rde8 15. Rb1 e4 16. dxe4 Rxe4 17. b5 Rg4# 0-1

[Event "Papi"]
[Site "http://www.queenalice.com/game.php?id=485530"]
[Date "2008.10.30"]
[Round "-"]
[White "Mahalael"]
[Black "papilon_br"]
[Result "0-1"]
[WhiteElo "1469"]
[BlackElo "1786"]

1. e4 d5 2. d3 dxe4 3. Nc3 exd3 4. Qxd3 Nc6 5. Nf3 Bg4 6. h3 Bxf3 7. gxf3 Ne5 8.
Qb5+ Nc6 9. Qxb7 Na5 10. Bb5+ c6 11. Bxc6+ Nxc6 12. Qxc6+ Qd7 13. Qxa8+ Qd8 14.
Qxa7 f6 15. Nd5 Qxd5 16. Bf4 Qxf3 17. O-O Qxf4 18. Rfe1 Nh6 19. Rad1 g5 20. Qa8+
Kf7 21. Rd8 g4 22. hxg4 Nxg4 23. Re2 Rg8 24. Qd5+ Kg7 25. f3 Qc1+ 26. Kg2 Ne3+
27. Kf2 Nxd5 28. Rxd5 Kh8 29. a4 Qg1# 0-1

[Event "Challenge"]
[Site "http://www.queenalice.com/game.php?id=488678"]
[Date "2008.11.6"]
[Round "-"]
[White "Mahalael"]
[Black "marcet"]
[Result "0-1"]
[WhiteElo "1571"]
[BlackElo "1891"]

1. e4 e6 2. Nf3 Nc6 3. Nc3 g6 4. h4 Bg7 5. Ng5 a6 6. Qf3 Nf6 7. e5 Nxe5 8. Qe3
d6 9. d4 Neg4 10. Qh3 e5 11. f3 Ne3 12. Bxe3 Bxh3 13. gxh3 O-O 14. O-O-O Qe8 15.
dxe5 Qxe5 16. Re1 Qg3 17. Bf2 Qxf2 18. Bc4 Qxh4 19. Nge4 Qf4+ 20. Nd2 Rae8 21.
Ne4 Nxe4 22. fxe4 Qe5 23. Nf3 Qf4+ 24. Nd2 c6 25. Rhf1 Qe5 26. Nf3 Qxb2+ 27. Kd2
b5 28. Rb1 Qc3+ 29. Kd1 Qxc4 30. Nd2 Qd4 31. h4 Rxe4 32. Kc1 Re2 33. Rd1 Qxh4
34. Nf3 Qf4+ 35. Nd2 Bc3 36. Rf1 Qxd2# 0-1

[Event "Challenge"]
[Site "http://www.queenalice.com/game.php?id=488680"]
[Date "2008.11.6"]
[Round "-"]
[White "Mahalael"]
[Black "CaptainJester"]
[Result "0-1"]
[WhiteElo "1548"]
[BlackElo "1782"]

1. e4 c5 2. Bc4 g6 3. Nf3 Bg7 4. Ng5 e6 5. Qf3 Qxg5 6. Nc3 Ne7 7. d3 Bxc3+ 8.
bxc3 Qe5 9. Bd2 d5 10. Bb5+ Bd7 11. a4 a6 12. Bxd7+ Nxd7 13. Ra3 c4 14. d4 Qd6
15. Bf4 Qxa3 16. Be5 Nxe5 17. Qf4 Qa1+ 18. Ke2 Qxh1 19. Qxe5 O-O 0-1

[Event "Challenge"]
[Site "http://www.queenalice.com/game.php?id=488683"]
[Date "2008.11.6"]
[Round "-"]
[White "Mahalael"]
[Black "amichc"]
[Result "0-1"]
[WhiteElo "1572"]
[BlackElo "1608"]

1. e4 e5 2. Nf3 f6 3. Bc4 d6 4. Ng1 Nc6 5. Nh3 Bxh3 6. gxh3 Nge7 7. Nc3 Qd7 8.
d3 Nd4 9. Be3 Qxh3 10. Bxd4 exd4 11. Nd5 Nxd5 12. Bxd5 O-O-O 13. c4 c6 14. Bf7
Rd7 15. Qa4 Kb8 16. b4 Qxd3 17. Qd1 Qxe4+ 18. Qe2 Qxh1+ 19. Kd2 Re7 20. Rxh1
Rxe2+ 21. Kxe2 g6 22. Be6 Bh6 23. Kd3 c5 24. b5 b6 25. a4 Re8 26. Bf7 Re7 27.
Bg8 Bf4 28. h4 h5 29. Ra1 g5 30. hxg5 fxg5 31. Rh1 h4 32. f3 Re3+ 33. Kd2 Rxf3+
34. Ke2 Re3+ 35. Kf2 d3 36. Bd5 Re2+ 37. Kf3 Kc8 38. Kg4 Ra2 39. Kf5 d2 40. Rd1
h3 41. Kf6 h2 42. Ke7 Rc2 43. Bc6 Rc1 0-1

[Event "Challenge"]
[Site "http://www.queenalice.com/game.php?id=488687"]
[Date "2008.11.6"]
[Round "-"]
[White "Mahalael"]
[Black "LeandroFreitas"]
[Result "1-0"]
[WhiteElo "1541"]
[BlackElo "1688"]

1. e4 c6 2. Nf3 d5 3. Nc3 Bg4 4. h3 Bh5 5. g4 Bg6 6. Ng5 e5 7. h4 h6 8. Nf3 Nd7
9. d3 Bb4 10. a3 Bxc3+ 11. bxc3 dxe4 12. h5 Bh7 13. Nh4 exd3 14. cxd3 Nc5 15. d4
exd4 16. cxd4 Ne6 17. Bc4 Nxd4 18. Bb2 c5 19. Bxd4 Qxd4 20. Qc1 Qxg4 21. Qe3+
Qe4 22. Bb5+ Ke7 23. O-O Nf6 24. Rfe1 Kd6 25. Rad1+ Kc7 26. Qxc5+ 1-0

[Event "Let's Play Chess!"]
[Site "http://www.queenalice.com/game.php?id=490658"]
[Date "2008.11.9"]
[Round "-"]
[White "igorjava"]
[Black "Mahalael"]
[Result "1-0"]
[WhiteElo "1939"]
[BlackElo "1519"]

1. e4 e5 2. f4 d6 3. Nf3 Bg4 4. Bc4 h6 5. f5 Nf6 6. d3 c6 7. h3 d5 8. Bb3 Bb4+
9. c3 Bxf3 10. Qxf3 Ba5 11. Qg3 Nbd7 12. Be3 Nh5 13. Qf2 O-O 14. O-O c5 15. Bxd5
Qb6 16. b4 Bxb4 17. cxb4 Qxb4 18. Nd2 Ndf6 19. Rab1 Qc3 20. Bc4 Nf4 21. Rfc1 Qa3
22. Bxf4 exf4 23. Qxf4 g5 24. fxg6 Kg7 25. gxf7 Qa5 26. Rf1 Qd8 27. Nf3 Nh5 28.
Qg4+ Kh7 29. Qxh5 Qd6 30. Ng5+ Kg7 31. Ne6+ Kh7 32. Rf6 1-0

[Event "Challenge"]
[Site "http://www.queenalice.com/game.php?id=494953"]
[Date "2008.11.18"]
[Round "-"]
[White "aureliano"]
[Black "Mahalael"]
[Result "1-0"]
[WhiteElo "1554"]
[BlackElo "1553"]

1. d4 Nf6 2. c3 d5 3. Nf3 Bf5 4. Qb3 a6 5. Qxb7 Nbd7 6. Qc6 Rb8 7. e3 Rb6 8. Qa4
e6 9. Ne5 Bd6 10. Nc6 Qa8 11. Na5 O-O 12. Be2 Qd8 13. Nd2 Ne4 14. Nf3 e5 15. h3
Ndf6 16. Nc6 Qd7 17. Ne7+ Kh8 18. Ng6+ Bxg6 19. Qc2 Nxf2 20. Qd2 Nxh1 21. Kd1
Nf2+ 22. Ke1 N6e4 23. Qc2 exd4 24. exd4 Ng3 25. Qd2 Nxe2 26. Kxf2 Nxc1 27. Rxc1
f5 28. Qg5 Be7 29. Qf4 Rxb2+ 30. Kg1 Rxa2 31. Ne5 Qe6 32. Nd3 Qe2 33. Ne1 Bd6
34. Qg5 Re8 35. h4 Ba3 36. Rb1 Bb2 37. h5 Bf7 38. h6 Bxc3 39. Qxg7# 1-0

[Event "Challenge"]
[Site "http://www.queenalice.com/game.php?id=502961"]
[Date "2008.12.4"]
[Round "-"]
[White "aureliano"]
[Black "Mahalael"]
[Result "1-0"]
[WhiteElo "1575"]
[BlackElo "1556"]

1. d4 Nf6 2. Nc3 d5 3. Bf4 Nc6 4. Nb5 Qd7 5. Nf3 e6 6. e3 Bb4+ 7. c3 Ba5 8. b4
Bb6 9. Ng5 h6 10. Nh3 g5 11. Bg3 g4 12. Nf4 a6 13. Na3 Ne4 14. Qxg4 Nxc3 15. Qg7
Rf8 16. Bh4 Ne4 17. Be2 a5 18. O-O axb4 19. Nb5 Ra5 20. a4 Na7 21. Rac1 Nxb5 22.
axb5 Nd6 23. Nh5 Nxb5 24. Nf6+ Ke7 25. Nh7+ Kd6 26. Qe5# 1-0

[Event "Challenge"]
[Site "http://www.queenalice.com/game.php?id=502962"]
[Date "2008.12.4"]
[Round "-"]
[White "Mahalael"]
[Black "aureliano"]
[Result "0-1"]
[WhiteElo "1541"]
[BlackElo "1583"]

1. e4 e5 2. Nf3 d6 3. Bc4 Nh6 4. h4 Ng4 5. Ng5 Nh6 6. Qf3 f6 7. Ne6 Qe7 8. Qh3
Bd7 9. Nc3 c6 10. b4 b5 11. Bb3 Na6 12. Ba3 g6 13. g4 Bxe6 14. O-O-O f5 15. g5
Ng4 16. Rdf1 Rc8 17. f3 h5 18. fxg4 fxg4 19. Qg2 c5 20. Nxb5 cxb4 21. Bb2 Qb7
22. Bxe6 Rc5 23. Bd5 Qxb5 24. Bb3 Nc7 25. c4 Qa5 26. Rf6 Kd7 27. Rhf1 Be7 28.
Rxg6 Ne6 29. Qf2 Nf4 30. d4 Rc7 31. dxe5 Nd3+ 32. Kc2 Nxf2 33. Rxf2 dxe5 34.
Bxe5 Qxe5 35. Rd2+ Kc8 36. Rd5 Qxe4+ 0-1

[Event "Challenge"]
[Site "http://www.queenalice.com/game.php?id=508297"]
[Date "2008.12.16"]
[Round "-"]
[White "jonathanodonnell"]
[Black "Mahalael"]
[Result "1-0"]
[WhiteElo "1992"]
[BlackElo "1510"]

1. e4 e5 2. Nf3 Nf6 3. Nxe5 Qe7 4. Nf3 Nxe4 5. Qe2 Nc6 6. d3 Nc5 7. Be3 Na4 8.
c4 d6 9. b3 Qf6 10. Bg5+ Qe6 11. bxa4 Be7 12. Bxe7 Kxe7 13. Qxe6+ Kxe6 14. Nc3
Nb4 15. O-O-O Ke7 16. g3 Bg4 17. Bg2 h5 18. Rhe1+ Kd7 19. a3 Na6 20. d4 c5 21.
d5 f5 22. h3 Bxf3 23. Bxf3 g5 24. g4 hxg4 25. hxg4 Rh3 26. Re3 f4 27. Red3 b6
28. Be4 Rh4 29. f3 Nc7 30. Bf5+ Kd8 31. Re1 Ne8 32. Ne4 a6 33. Nxg5 Rb8 34. Ne6+
Ke7 35. Nxf4+ Kf7 36. Rde3 Nf6 37. Re7+ Kf8 38. Ng6+ Kg8 39. Be6# 1-0

[Event "Poirot X Mahalael"]
[Site "http://www.queenalice.com/game.php?id=517701"]
[Date "2009.1.5"]
[Round "-"]
[White "Poirot"]
[Black "Mahalael"]
[Result "1-0"]
[WhiteElo "1729"]
[BlackElo "1527"]

1. e4 e5 2. Nf3 Nf6 3. Nxe5 Qe7 4. d4 d6 5. Nf3 Qxe4+ 6. Be2 Bg4 7. Nbd2 Qd5 8.
c4 Qe6 9. O-O c5 10. Re1 Nc6 11. Bd3 Ne5 12. dxe5 Nh5 13. Qc2 f6 14. exf6 gxf6
15. Rxe6+ Bxe6 16. Qb3 O-O-O 17. Ne4 d5 18. Nxc5 dxc4 19. Qxb7# 1-0

[Event "Mahalael X Poirot"]
[Site "http://www.queenalice.com/game.php?id=518208"]
[Date "2009.1.6"]
[Round "-"]
[White "Mahalael"]
[Black "Poirot"]
[Result "0-1"]
[WhiteElo "1517"]
[BlackElo "1733"]

1. e4 e5 2. Nf3 Nc6 3. Bc4 Bc5 4. h4 Nf6 5. Ng5 O-O 6. Nc3 Na5 7. b3 Nxc4 8.
bxc4 b6 9. O-O h6 10. Nf3 c6 11. Nxe5 Bb7 12. d4 Be7 13. g4 d6 14. g5 dxe5 15.
gxf6 Bxf6 16. d5 Bxh4 17. d6 Bc8 18. Na4 Bh3 19. Re1 Qf6 20. Re2 Qg6+ 0-1